Carry On Wayward Son Lyrics - Statistics

General Stats
  • This quiz has been taken 1,340 times
  • The average score is 26 of 36
Answer Stats
Hint Answer % Correct
Carry on my _______ ___ wayward son
99%
Carry on my _______ ___ wayward son
99%
Carry on my _______ ___ wayward son
99%
Carry on my _______ ___ wayward son
99%
Don't you ___, cry
97%
Don't you ___ __ ____ cry no more
94%
Don't you ___ __ ____, cry no more
94%
There'll be peace when ___ ___ ____ you are done
94%
There'll be peace when ___ ___ ____ you are done
94%
There'll be peace when ___ ___ ____ you are done
94%
There'll be peace when ___ ___ ____ you are done
94%
lay your _____ head to rest weary
93%
Lay your _____ head to rest weary
93%
Lay your _____ head to rest weary
93%
Don't you cry no more. (___!) no
92%
Just to get a glimpse beyond this ________ illusion
77%
Once I rose above the _____ ___ _________ noise and confusion
74%
I was _______ ever higher soaring
74%
Though my eyes could see I still was a _____ ___ blind man
72%
I can ____ ____ ___ hear them say
72%
No ____! more
72%
Lay your _____ head to rest, don't you ___ __ ____ weary cry no more
71%
And if I claim to be a ____ ___, It surely means that I don't know wise man
68%
I hear the voices when I'm ________ dreaming
65%
But I ____ ___ ____ flew too high
64%
Though my mind could think I still was a ___ ___ mad man
62%
But I hear the ______ say voices
57%
Tossed about, I'm like a ____ on the _____ ship ocean
53%
Masquerading as a ___ ____ a ______ man with reason
47%
I set a ______ for winds of fortune course
43%
Surely ______ waits for you! heaven
38%
_____ __, You will always remember Carry on
37%
_____ __,Nothing equals the splendor Carry on
37%
My _______ is the evnt of the season charade
37%
Now yor life's no longer _____ empty
25%
On the stormy sea of ______ _______ moving emotion
22%
No matching quizzes found
Score Distribution
Percent of People with Each Score
Percentile by Number Answered
Your Score History
You have not taken this quiz